000 00210 a2200097 4500
020 _a9789992409954
041 _aspa
100 _aCarlos Jose Barrios Torres
245 _aNo hay Primero sin Segundo
942 _cBK
999 _c14682
_d14682